000 00352nab a22001097u 4500
008 130520b2007 xxu||||| |||| 00| 0 spa d
041 _aspa
100 1 _aMenini D., Marino
_926939
245 0 0 _aContenido filosófico en la obra de Simón Bolivar
_cMarino Menini D.
773 0 _tAnthropos
_gV.28, nº1-2,2007,págs. 7-100
_x0254-1629
_wRev38
942 _cAR
999 _c409861
_d409861